2024-2025 NBA season quiz - Statistics

General Stats
  • This quiz has been taken 234 times
  • The average score is 8 of 10
Answer Stats
Question Answer % Correct
Who averaged a triple double this season Nikola Jokic
96%
Who led the league in scoring? Shai Gilgeous-Alexander
94%
Which rookie avergaed the most points this season? Stephon Castle
82%
Which NBA player has scored the most this season? Shai Gilgeous-Alexander
81%
Which NBA player has the most blocks this season? Victor Wembenyama
80%
Which team has made the most 3 pointers this season? Celtics
79%
Who led the league in rebounding? Domantas Sabonis
73%
Which NBA player has made the most 3 pointers this season? Anthony Edwards
70%
Who led the league in assists? Trae Young
65%
Which team had the worst record? Jazz
40%
No matching quizzes found
Score Distribution
Percent of People with Each Score
Percentile by Number Answered
Your Score History
You have not taken this quiz